skbl

Dr Suryya Kumar Bhuyan Library Web-OPAC
ডঃ সূৰ্য্য
কুমাৰ ভূঞা পুথিভঁৰাল ৱেব-অ'পেক

All Research Scholars are advised to clear the annual library fees to continue using Library Resources, Remote Access, Plagiarism Test and Library Clearance.

Cotton University Book Fair 2026

Electronic Circuit Analysis: Basic Principles / (Record no. 22824)

MARC details
000 -LEADER
fixed length control field 00878nam a2200301Ia 4500
001 - CONTROL NUMBER
control field 22842
005 - DATE AND TIME OF LATEST TRANSACTION
control field 20240114000657.0
007 - PHYSICAL DESCRIPTION FIXED FIELD--GENERAL INFORMATION
fixed length control field ta
008 - FIXED-LENGTH DATA ELEMENTS--GENERAL INFORMATION
fixed length control field 060322s1984 g b000 u 465 u
020 ## - INTERNATIONAL STANDARD BOOK NUMBER
International Standard Book Number 0-471-80515-7
040 ## - CATALOGING SOURCE
Original cataloging agency Cotton College,Assam
041 ## - LANGUAGE CODE
Language code of text/sound track or separate title 465
082 ## - DEWEY DECIMAL CLASSIFICATION NUMBER
Classification number 537.5
Item number Co 67 El
100 ## - MAIN ENTRY--PERSONAL NAME
Personal name Colclaser, Roy A. .
245 #0 - TITLE STATEMENT
Title Electronic Circuit Analysis: Basic Principles /
Statement of responsibility, etc. Roy A. Colclaser, Donald A. Neamen & Charles F. Hawkins.
Medium Textual Documents
250 ## - EDITION STATEMENT
Edition statement 1st ed. /
260 ## - PUBLICATION, DISTRIBUTION, ETC.
Place of publication, distribution, etc. New York :
Name of publisher, distributor, etc. John Wiley & Sons ,
Date of publication, distribution, etc. C1984.
300 ## - PHYSICAL DESCRIPTION
Extent xviii,573p. ;
Dimensions 24cm.
504 ## - BIBLIOGRAPHY, ETC. NOTE
Bibliography, etc. note Index
653 ## - INDEX TERM--UNCONTROLLED
Uncontrolled term Electronic Circuit
653 ## - INDEX TERM--UNCONTROLLED
Uncontrolled term Electronic apparatus and appliances
653 ## - INDEX TERM--UNCONTROLLED
Uncontrolled term G-Physics
700 ## - ADDED ENTRY--PERSONAL NAME
Personal name Neamen , Donald A. .
700 ## - ADDED ENTRY--PERSONAL NAME
Personal name Hawkins, Charles F. .
942 ## - ADDED ENTRY ELEMENTS (KOHA)
Source of classification or shelving scheme Dewey Decimal Classification
Koha item type Books
Holdings
Withdrawn status Lost status Damaged status Not for loan Collection Home library Current library Date acquired Coded location qualifier Total checkouts Full call number Barcode Date last seen Copy number Price effective from Koha item type
          Dr. Suryya Kumar Bhuyan Library Dr. Suryya Kumar Bhuyan Library 01/02/2012 00000   537.5 Co 67 El 84263 14/01/2024 1 01/02/2012 Books

Designed and Maintained by Team SKBL
©1901-2026

Powered by Koha